|
|
|
|
| LEADER |
00000caa a22000002c 4500 |
| 001 |
191250636X |
| 003 |
DE-627 |
| 005 |
20250114054946.0 |
| 007 |
cr uuu---uuuuu |
| 008 |
241217s2018 xx |||||o 00| ||eng c |
| 024 |
7 |
|
|a 10.3368/jhr.54.4.1016.8287R2
|2 doi
|
| 035 |
|
|
|a (DE-627)191250636X
|
| 035 |
|
|
|a (DE-599)KXP191250636X
|
| 040 |
|
|
|a DE-627
|b ger
|c DE-627
|e rda
|
| 041 |
|
|
|a eng
|
| 084 |
|
|
|a 2,1
|2 ssgn
|
| 100 |
1 |
|
|a Depew, Briggs
|e VerfasserIn
|0 (DE-588)1105397823
|0 (DE-627)862529743
|0 (DE-576)473071134
|4 aut
|
| 109 |
|
|
|a Depew, Briggs
|
| 245 |
1 |
4 |
|a The decision to carry: The effect of crime on concealed-carry applications
|
| 264 |
|
1 |
|c 2018
|
| 336 |
|
|
|a Text
|b txt
|2 rdacontent
|
| 337 |
|
|
|a Computermedien
|b c
|2 rdamedia
|
| 338 |
|
|
|a Online-Ressource
|b cr
|2 rdacarrier
|
| 700 |
1 |
|
|a Swensen, Isaac D.
|e VerfasserIn
|0 (DE-588)1212632737
|0 (DE-627)1702180069
|4 aut
|
| 773 |
0 |
8 |
|i Enthalten in
|t The journal of human resources
|d Madison, Wis. : University of Wisconsin Press, 1966
|g (2018)
|h Online-Ressource
|w (DE-627)341338877
|w (DE-600)2066593-3
|w (DE-576)103815988
|x 1548-8004
|7 nnas
|
| 773 |
1 |
8 |
|g year:2018
|
| 856 |
4 |
0 |
|u https://doi.org/10.3368/jhr.54.4.1016.8287R2
|x Resolving-System
|z lizenzpflichtig
|3 Volltext
|7 1
|
| 935 |
|
|
|a mkri
|
| 951 |
|
|
|a AR
|
| ELC |
|
|
|a 1
|
| LOK |
|
|
|0 000 xxxxxcx a22 zn 4500
|
| LOK |
|
|
|0 001 4637471869
|
| LOK |
|
|
|0 003 DE-627
|
| LOK |
|
|
|0 004 191250636X
|
| LOK |
|
|
|0 005 20241217044311
|
| LOK |
|
|
|0 008 241217||||||||||||||||ger|||||||
|
| LOK |
|
|
|0 035
|a (DE-2619)ICPSR130699
|
| LOK |
|
|
|0 040
|a DE-2619
|c DE-627
|d DE-2619
|
| LOK |
|
|
|0 092
|o n
|
| LOK |
|
|
|0 852
|a DE-2619
|
| LOK |
|
|
|0 852 1
|9 00
|
| LOK |
|
|
|0 935
|a nacp
|
| LOK |
|
|
|0 939
|a 17-12-24
|b l01
|
| ORI |
|
|
|a SA-MARC-krimdoka001.raw
|